Journal of Corporate Finance

Guardado en:
Detalles Bibliográficos
Formato: Seriadas
Lenguaje:inglés
Publicado: Amsterdam Elsevier Science 2021
Etiquetas: Agregar Etiqueta
Sin Etiquetas, Sea el primero en etiquetar este registro!

MARC

LEADER 00000nas2a2200000 4500
001 0273555
005 20240821144505.2
022 |a 0929-1199 
041 0 |a eng 
044 |a NL 
245 1 0 |a Journal of Corporate Finance 
264 1 |a Amsterdam  |b Elsevier Science  |c 2021 
773 0 |w eu_un_cat*s120121 
774 0 |w eu_un_cat*0303763